000 00419nam a2200133Ia 4500
008 231017s9999 xx 000 0 und d
082 _a624.1834
082 _bRUS
245 0 _a"Compilation and evaluation of results from high-performance concrete bridge projects, volume I, Final Report"
245 0 _cUS Department of Transportation
260 _bUS Department of Transportation
300 _c30cm
942 _cREP
999 _c605610
_d605610